书目信息 |
| 题名: |
秩序四千年
|
|
| 作者: | 皮里 著 ;李立丰 译 | |
| 分册: | ||
| 出版信息: | 桂林 广西师范大学出版社 2024.09 |
|
| 页数: | 453页 | |
| 开本: | 23cm | |
| 丛书名: | ||
| 单 册: | ||
| 中图分类: | D909.9 | |
| 科图分类: | ||
| 主题词: | 法制史--世界 | |
| 电子资源: | ||
| ISBN: | 978-7-5598-5982-2 | |
| 000 | 01556nam0 2200301 450 | |
| 001 | 01004543 | |
| 005 | 20251023091813.33 | |
| 010 | @a978-7-5598-5982-2@b精装@dCNY138.00 | |
| 100 | @a20240914d2024 em y0chiy0120 ea | |
| 101 | 1 | @achi@ceng |
| 102 | @aCN@b450000 | |
| 105 | @aa az 000yy | |
| 106 | @ar | |
| 200 | 1 | @a秩序四千年@9zhi xu si qian nian@e人类如何运用法律缔造文明@dThe rule of laws@ea 4,000-year quest to order the world@f(英)费尔南达·皮里(Fernanda Pirie)著@g李立丰译@zeng |
| 210 | @a桂林@c广西师范大学出版社@d2024.09 | |
| 215 | @a453页@c照片@d23cm | |
| 300 | @a望 | |
| 314 | @a费尔南达·皮里(Fernanda Pirie),牛津大学法律人类学教授。她使用民族志和历史学方法来研究比较法律实践和文本,主张建立一种新的秩序人类学,既涉及秩序的理论又涉及秩序的历史。 | |
| 320 | @a有书目(第423-449页) | |
| 330 | @a历史上的统治者都用法律来维持秩序,但是法律不仅仅是权力和社会控制的工具,法律还让普通人有了表达个人期待的机会。牛津大学法律人类学教授费尔南达·皮里追溯了古往今来、存在于世界主要文明的复杂法律体系的兴衰,同时展示了普通人是如何借助法律来定义社区、规范贸易和建设文明的。皮里认为,真正将人类团结在一起的是我们对法律能够产生正义、对抗压迫、从混乱中创造秩序的信念。 | |
| 510 | 1 | @aRule of laws : a 4,000-year quest to order the world@zeng |
| 517 | 1 | @a人类如何运用法律缔造文明@9ren lei ru he yun yong fa lu di zao wen ming |
| 606 | 0 | @a法制史@x世界 |
| 690 | @aD909.9@v5 | |
| 701 | 1 | @c(英)@a皮里@9pi li@c(Pirie, Fernanda)@4著 |
| 702 | 0 | @a李立丰@9li li feng@4译 |
| 801 | 0 | @aCN@c20250911 |
| 905 | @a河南城建学院图书馆@dD909.9@eP628@ZP628@f1 | |
| 秩序四千年:人类如何运用法律缔造文明=The rule of laws:a 4,000-year quest to order the world/(英)费尔南达·皮里(Fernanda Pirie)著/李立丰译.-桂林:广西师范大学出版社,2024.09 |
| 453页:照片;23cm |
| 望 |
| ISBN 978-7-5598-5982-2(精装):CNY138.00 |
| 历史上的统治者都用法律来维持秩序,但是法律不仅仅是权力和社会控制的工具,法律还让普通人有了表达个人期待的机会。牛津大学法律人类学教授费尔南达·皮里追溯了古往今来、存在于世界主要文明的复杂法律体系的兴衰,同时展示了普通人是如何借助法律来定义社区、规范贸易和建设文明的。皮里认为,真正将人类团结在一起的是我们对法律能够产生正义、对抗压迫、从混乱中创造秩序的信念。 |
| ● |
| 相关链接 |
|
|
|
正题名:秩序四千年
索取号:D909.9/P628
 
预约/预借
| 序号 | 登录号 | 条形码 | 馆藏地/架位号 | 状态 | 备注 |
| 1 | 1635846 | 216358466 | 社科库509/509社科库 80排7列4层/ [索取号:D909.9/P628] | 在馆 |